000
00297nam a2200109Ia 4500
008
210430s9999 xx 000 0 und d
082
_a
891.43909 S5256C
100
_a
Dr. Safdar Ali Shah
_9
54662
245
_a
Colonialism English & Punjabi
_c
Dr. Safdar Ali Shah
300
_a
349
942
_c
BK
_2
ddc
999
_c
565393
_d
565393